| 000 | 00749cam a2200217 p 4500 | ||
|---|---|---|---|
| 001 | 000020144 | ||
| 005 | 20200929170303.0 | ||
| 008 | 761005t19761941it 000 0 ita | ||
| 010 | _a76479991 | ||
| 015 | _aIt75-Mar | ||
| 020 | _cL1500 | ||
| 040 |
_aDO-SdBNP _cDLC _dDLC |
||
| 050 | 0 | 0 |
_aPQ4835.I7 _bU6 1976 |
| 100 | 1 |
_aPirandello, Luigi, _d1867-1936. _96745 |
|
| 245 | 1 | 0 |
_aUno, nessuno e centomila / _cLuigi Pirandello ; introduzione di Giovanni Croci ; cronologia della vita di Pirandello e dei suoi tempi e bibliografia a cura di Corrado Simioni. |
| 250 | _a6. ristampa Oscar. | ||
| 260 |
_a[Milano] : _bA. Mondadori, _c1976, c1941. |
||
| 300 |
_ail, 224 p. ; _c19 cm. |
||
| 490 | 0 |
_aGli Oscar ; _v99 |
|
| 910 | _aCatalogación derivada / LC | ||
| 999 |
_c19652 _d19652 |
||